[Event "GER-ch U14 Girls"]
[Site "Willingen"]
[Date "2021.08.23"]
[Round "1"]
[White "Braeutigam, Katerina"]
[Black "Fischer, Juliane"]
[Result "1-0"]
[WhiteElo "1738"]
[BlackElo "1486"]
[PlyCount "105"]
[EventDate "2021.08.22"]
[EventType "swiss"]
[EventRounds "9"]
[EventCountry "GER"]
[SourceTitle "EXT 2022"]
[Source "ChessBase"]
[SourceDate "2021.10.06"]
[SourceVersion "1"]
[SourceVersionDate "2021.10.06"]
[SourceQuality "1"]

1. e4 c5 2. Nf3 g6 3. d4 cxd4 4. Nxd4 Bg7 5. c4 Nc6 6. Nc2 Nf6 7. Nc3 0-0 8. Be2 d6 9. Be3 Nd7 10. Qd2 a5 11. h4 Nc5 12. Bh6 f5 13. h5 Rf7 14. hxg6 hxg6 15. Qg5 fxe4 16. Qxg6 Bf5 17. Qg3 Nd3+ 18. Bxd3 exd3 19. Ne3 Nd4 20. Rh5 Qf8 21. Rg5 Kh8 22. Bxg7+ Rxg7 23. Rxg7 Qxg7 24. Qxg7+ Kxg7 25. Nxf5+ Nxf5 26. Kd2 Rh8 27. Ne4 Rh5 28. Kxd3 Nh6 29. Rc1 b6 30. Rc3 b5 31. c5 Rd5+ 32. Ke2 dxc5 33. Rxc5 Rxc5 34. Nxc5 Kf6 35. Nb3 a4 36. Nd4 b4 37. Nc2 b3 38. axb3 axb3 39. Nd4 Ke5 40. Nxb3 Nf5 41. g4 Nd6 42. Nc5 Kf4 43. f3 Nc4 44. b4 Ne5 45. Nd3+ Nxd3 46. Kxd3 Kxf3 47. Kd4 Kf4 48. b5 e5+ 49. Kc3 Kf3 50. b6 e4 51. b7 e3 52. b8Q Ke2 53. Qf4 1-0

[Event "GER-chT Lands U20"]
[Site "Berlin"]
[Date "2020.09.30"]
[Round "1.8"]
[White "Chassard, Cecilia"]
[Black "Fischer, Juliane"]
[Result "0-1"]
[WhiteElo "980"]
[BlackElo "1509"]
[PlyCount "78"]
[EventDate "2020.09.29"]
[EventType "team-swiss"]
[EventRounds "7"]
[EventCountry "GER"]
[SourceTitle "CBM 198 Extra"]
[Source "ChessBase"]
[SourceDate "2020.11.30"]
[SourceVersion "1"]
[SourceVersionDate "2020.11.30"]
[SourceQuality "1"]
[WhiteTeam "Saarland U20"]
[BlackTeam "Hessen U20"]
[WhiteTeamCountry "GER"]
[BlackTeamCountry "GER"]

1. e4 c5 2. Nf3 Nc6 3. Bc4 g6 4. Nc3 Bg7 5. 0-0 Nf6 6. d3 0-0 7. Be3 d6 8. Qd2 Bd7 9. Bh6 Na5 10. Bb3 Nxb3 11. axb3 b5 12. Bxg7 Kxg7 13. Rfe1 b4 14. Nd5 Nxd5 15. exd5 e5 16. c3 a5 17. cxb4 axb4 18. Rxa8 Qxa8 19. h3 Qxd5 20. Qc2 Bxh3 21. gxh3 Qxf3 22. Re3 Qc6 23. Rg3 Ra8 24. Qe2 Ra1+ 25. Qf1 Rxf1+ 26. Kxf1 Qd5 27. h4 Qxb3 28. h5 Qxb2 29. hxg6 hxg6 30. Kg1 b3 31. d4 cxd4 32. Kh2 Qxf2+ 33. Rg2 Qxg2+ 34. Kxg2 b2 35. Kf2 b1Q 36. Ke2 Qb3 37. Ke1 Qb2 38. Kd1 d3 39. Ke1 Qe2# 0-1

[Event "GER-chT Lands U20"]
[Site "Berlin"]
[Date "2020.09.30"]
[Round "2.1"]
[White "Fischer, Juliane"]
[Black "Wilmink, Anna"]
[Result "1-0"]
[WhiteElo "1509"]
[BlackElo "1608"]
[PlyCount "127"]
[EventDate "2020.09.29"]
[EventType "team-swiss"]
[EventRounds "7"]
[EventCountry "GER"]
[SourceTitle "CBM 198 Extra"]
[Source "ChessBase"]
[SourceDate "2020.11.30"]
[SourceVersion "1"]
[SourceVersionDate "2020.11.30"]
[SourceQuality "1"]
[WhiteTeam "Hessen U20"]
[BlackTeam "Niedersachsen U20"]
[WhiteTeamCountry "GER"]
[BlackTeamCountry "GER"]

1. e4 e6 2. d4 d5 3. Bd3 c5 4. exd5 exd5 5. dxc5 Bxc5 6. Nc3 Nf6 7. Nge2 0-0 8. 0-0 Nc6 9. Bg5 h6 10. Bh4 g5 11. Bg3 Nh5 12. Qd2 f5 13. Na4 Bd6 14. Bxd6 Qxd6 15. f4 Qg6 16. Nac3 Ne7 17. Nxd5 Nxd5 18. Bc4 Be6 19. Bxd5 Rad8 20. c4 Kh7 21. Qb4 Bxd5 22. cxd5 Rf7 23. Rad1 Rg7 24. g3 Re8 25. Rd2 Re4 26. Qc3 gxf4 27. Rf3 fxg3 28. hxg3 Rg4 29. Kf2 Qb6+ 30. Qe3 Qxe3+ 31. Kxe3 Nxg3 32. d6 Nf1+ 33. Rxf1 Rd7 34. Rxf5 Kg6 35. Rc5 Kf6 36. Rcd5 Rg8 37. Rc5 Re8+ 38. Kf4 Re6 39. Rcd5 h5 40. Rxh5 Rexd6 41. Rxd6+ Rxd6 42. Rh6+ Ke7 43. Rh7+ Ke6 44. Rxb7 Ra6 45. Nc3 Kd6 46. Nb5+ Kc6 47. Rxa7 Kxb5 48. Rxa6 Kxa6 49. Ke4 Kb5 50. Kd3 Kb4 51. b3 Kb5 52. Kc3 Kc5 53. a3 Kb5 54. b4 Kb6 55. Kc4 Kc6 56. b5+ Kb6 57. a4 Kb7 58. Kc5 Kc7 59. b6+ Kb8 60. a5 Kb7 61. a6+ Kb8 62. Kc6 Ka8 63. b7+ Kb8 64. a7+ 1-0

[Event "GER Cup Net Final-C U1600"]
[Site "Playchess.com INT"]
[Date "2020.06.06"]
[Round "7"]
[White "Fischer, Juliane"]
[Black "Fock, Madiha"]
[Result "1-0"]
[WhiteElo "1629"]
[BlackElo "1539"]
[PlyCount "141"]
[EventDate "2020.06.06"]
[EventType "swiss (blitz)"]
[EventRounds "13"]
[EventCountry "GER"]
[SourceTitle "CBM 197 Extra"]
[Source "ChessBase"]
[SourceDate "2020.09.30"]
[SourceVersion "1"]
[SourceVersionDate "2020.09.30"]
[SourceQuality "1"]

1. e4 d5 2. exd5 Qxd5 3. Nc3 Qd6 4. d4 c6 5. Nf3 Bg4 6. Be2 Nf6 7. 0-0 e6 8. Bg5 Nbd7 9. Qd2 Qc7 10. Bf4 Bd6 11. Bxd6 Qxd6 12. h3 Bh5 13. Rfe1 0-0 14. Ng5 Bxe2 15. Qxe2 h6 16. Nge4 Nxe4 17. Qxe4 Nf6 18. Qe5 Qxe5 19. dxe5 Nd5 20. Nxd5 cxd5 21. Rab1 Rac8 22. c3 b5 23. Rbd1 a5 24. Rd2 Rc4 25. f3 Rfc8 26. Kf2 b4 27. cxb4 axb4 28. Ree2 Kf8 29. a3 bxa3 30. bxa3 Ra4 31. Ra2 Rc3 32. Re3 d4 33. Rxc3 dxc3 34. Ke2 Ke7 35. Kd3 Ra5 36. f4 Rc5 37. a4 Kd7 38. a5 Kc6 39. a6 Rd5+ 40. Kxc3 Rd8 41. Kc4 Ra8 42. Ra5 Kb6 43. Ra1 Rc8+ 44. Kb4 Ra8 45. a7 f6 46. Ra5 f5 47. Rb5+ Kxa7 48. Ra5+ Kb7 49. Rxa8 Kxa8 50. Kc5 Kb7 51. Kd6 Kc8 52. Kxe6 Kd8 53. Kxf5 Ke7 54. e6 g5 55. fxg5 hxg5 56. Ke5 Ke8 57. Kf6 Kf8 58. Kxg5 Ke7 59. Kf5 Ke8 60. g4 Ke7 61. g5 Ke8 62. g6 Kf8 63. Kf6 Ke8 64. g7 Kd8 65. g8Q+ Kc7 66. Qf7+ Kc8 67. h4 Kb8 68. h5 Ka8 69. h6 Kb8 70. h7 Ka8 71. h8Q# 1-0

[Event "GER Cup Net Final-C U1600"]
[Site "Playchess.com INT"]
[Date "2020.06.06"]
[Round "4"]
[White "Fischer, Juliane"]
[Black "Kuever, Bastian"]
[Result "1/2-1/2"]
[WhiteElo "1629"]
[BlackElo "1564"]
[PlyCount "84"]
[EventDate "2020.06.06"]
[EventType "swiss (blitz)"]
[EventRounds "13"]
[EventCountry "GER"]
[SourceTitle "CBM 197 Extra"]
[Source "ChessBase"]
[SourceDate "2020.09.30"]
[SourceVersion "1"]
[SourceVersionDate "2020.09.30"]
[SourceQuality "1"]

1. e4 e6 2. d4 d5 3. exd5 exd5 4. Bd3 Bd6 5. c3 Ne7 6. Nf3 Bg4 7. 0-0 0-0 8. Be3 Nd7 9. Nbd2 Nf6 10. Qc2 c6 11. Rae1 Ng6 12. Bg5 Bf4 13. Bxf4 Nxf4 14. h3 Nxd3 15. Qxd3 Bh5 16. Ne5 Nd7 17. Ndf3 f6 18. Nxd7 Qxd7 19. Re3 Bg6 20. Qd2 Rfe8 21. Rfe1 Rxe3 22. Rxe3 Re8 23. Rxe8+ Qxe8 24. Qf4 Qc8 25. Nh4 Bd3 26. Qe3 Be4 27. f3 Bg6 28. Nxg6 hxg6 29. Qd3 Kf7 30. Kf2 Qf5 31. Qxf5 gxf5 32. Ke3 g5 33. f4 g4 34. h4 a5 35. g3 a4 36. b3 axb3 37. axb3 b6 38. c4 Kg6 39. Kd3 Kf7 40. b4 b5 41. cxd5 cxd5 42. Kc3 Kg6 1/2-1/2

[Event "GER Cup Net Final-C U1600"]
[Site "Playchess.com INT"]
[Date "2020.06.06"]
[Round "3"]
[White "Hausmann, Ulrich"]
[Black "Fischer, Juliane"]
[Result "0-1"]
[WhiteElo "1509"]
[BlackElo "1629"]
[PlyCount "82"]
[EventDate "2020.06.06"]
[EventType "swiss (blitz)"]
[EventRounds "13"]
[EventCountry "GER"]
[SourceTitle "CBM 197 Extra"]
[Source "ChessBase"]
[SourceDate "2020.09.30"]
[SourceVersion "1"]
[SourceVersionDate "2020.09.30"]
[SourceQuality "1"]

1. f4 d5 2. Nf3 Nf6 3. e3 Bf5 4. d4 e6 5. c3 Bd6 6. Bd3 Bxd3 7. Qxd3 0-0 8. 0-0 c5 9. Ne5 Nbd7 10. Nd2 c4 11. Qc2 a6 12. b3 cxb3 13. axb3 Rc8 14. Bb2 Qe7 15. c4 dxc4 16. bxc4 Bb4 17. Ra4 Bxd2 18. Qxd2 Nxe5 19. fxe5 Ne4 20. Qc2 Ng5 21. Ba3 Qd7 22. Bxf8 Kxf8 23. h4 b5 24. Rxa6 Rxc4 25. Qd3 Qb7 26. Rfa1 g6 27. hxg5 Qd5 28. Rd6 Qb7 29. Raa6 Kg7 30. Qd2 Qc7 31. Rab6 Rc1+ 32. Kh2 Rb1 33. Rdc6 Qd7 34. Qc2 Rb4 35. Qc5 Rb2 36. Rxb5 Re2 37. Rb3 Qd8 38. Qc3 Qxg5 39. Rb2 Qh4+ 40. Kg1 Qf2+ 41. Kh2 Qxg2# 0-1

[Event "GER Cup Net Final-C U1600"]
[Site "Playchess.com INT"]
[Date "2020.06.06"]
[Round "8"]
[White "Ruddat, Jarne"]
[Black "Fischer, Juliane"]
[Result "1-0"]
[WhiteElo "1586"]
[BlackElo "1629"]
[PlyCount "181"]
[EventDate "2020.06.06"]
[EventType "swiss (blitz)"]
[EventRounds "13"]
[EventCountry "GER"]
[SourceTitle "CBM 197 Extra"]
[Source "ChessBase"]
[SourceDate "2020.09.30"]
[SourceVersion "1"]
[SourceVersionDate "2020.09.30"]
[SourceQuality "1"]

1. e4 c5 2. Nc3 Nc6 3. f4 g6 4. Nf3 e6 5. Bb5 Nge7 6. 0-0 Bg7 7. d3 0-0 8. Qe1 a6 9. Bxc6 Nxc6 10. Qg3 d5 11. exd5 exd5 12. Bd2 d4 13. Ne4 Bf5 14. Nfg5 b6 15. Qh4 h6 16. Nf3 Qxh4 17. Nxh4 Rfe8 18. Nd6 Re2 19. Rf2 Rxf2 20. Kxf2 Be6 21. h3 Rd8 22. Ne4 Nb4 23. Bxb4 cxb4 24. g4 Rd5 25. Ng3 Bf6 26. Nf3 Kg7 27. Ne4 h5 28. Rg1 Ra5 29. gxh5 Rxh5 30. Nfg5 Bxg5 31. Nxg5 Bxh3 32. Kf3 Bf5 33. Rg2 f6 34. Ne4 Rh3+ 35. Ng3 Be6 36. Ke4 a5 37. Kxd4 a4 38. Ne4 Bxa2 39. Nd6 Be6 40. Nc4 Rh4 41. Rf2 b5 42. Nd6 b3 43. cxb3 Bxb3 44. Nxb5 g5 45. Ke3 gxf4+ 46. Rxf4 Rxf4 47. Kxf4 Kg6 48. Nd4 Bd5 49. Nb5 Be6 50. Nc3 Bf5 51. d4 Bd7 52. d5 f5 53. Ne2 Kf6 54. Nd4 Ke7 55. Nxf5+ Bxf5 56. Kxf5 Kd6 57. Ke4 Kd7 58. Ke5 Ke7 59. d6+ Kd7 60. Kd5 Kd8 61. Kc6 Kc8 62. Kb5 Kd7 63. Kxa4 Kxd6 64. Ka5 Kc7 65. Ka6 Kb8 66. b3 Ka8 67. b4 Kb8 68. b5 Ka8 69. b6 Kb8 70. b7 Kc7 71. Ka7 Kc6 72. b8Q Kc5 73. Qb3 Kc6 74. Qb6+ Kd5 75. Qc7 Kd4 76. Qc6 Kd3 77. Qc5 Kd2 78. Qc4 Kd1 79. Qc3 Ke2 80. Qd4 Kf3 81. Qe5 Kf2 82. Qe4 Kf1 83. Qe3 Kg2 84. Qf4 Kh3 85. Qg5 Kh2 86. Kb6 Kh1 87. Kc5 Kh2 88. Kd4 Kh1 89. Ke3 Kh2 90. Kf2 Kh1 91. Qh5# 1-0

[Event "GER Cup Net Final-C U1600"]
[Site "Playchess.com INT"]
[Date "2020.06.06"]
[Round "9"]
[White "Wolff, Calvin"]
[Black "Fischer, Juliane"]
[Result "0-1"]
[WhiteElo "1859"]
[BlackElo "1629"]
[PlyCount "96"]
[EventDate "2020.06.06"]
[EventType "swiss (blitz)"]
[EventRounds "13"]
[EventCountry "GER"]
[SourceTitle "CBM 197 Extra"]
[Source "ChessBase"]
[SourceDate "2020.09.30"]
[SourceVersion "1"]
[SourceVersionDate "2020.09.30"]
[SourceQuality "1"]

1. e4 c5 2. Nc3 Nc6 3. f4 g6 4. Nf3 e6 5. Bc4 Bg7 6. d3 Nge7 7. 0-0 0-0 8. Be3 d5 9. exd5 exd5 10. Bb5 d4 11. Bxc6 Nxc6 12. Ne4 dxe3 13. Qe2 Bxb2 14. Rab1 Bd4 15. Nxd4 cxd4 16. Nc5 b6 17. Ne4 Bb7 18. f5 Qe7 19. f6 Qe6 20. Ng5 Qxa2 21. Qg4 Ne5 22. Qh4 h5 23. Qf4 Qxc2 24. Nf3 Nxf3+ 25. gxf3 Kh7 26. Qg3 Qc6 27. Rbc1 Qxf6 28. Rc7 Bd5 29. Rd7 Be6 30. Rd6 Qf5 31. Rc6 Qh3 32. Qxh3 Bxh3 33. Rc4 Bxf1 34. Kxf1 Rae8 35. Rxd4 e2+ 36. Ke1 Re3 37. f4 Rfe8 38. Rd7 Rf3 39. Rxf7+ Kg8 40. Rxa7 Rf1+ 41. Kd2 e1Q+ 42. Kc2 Rf2+ 43. Kb3 Qb1+ 44. Kc4 Rc8+ 45. Kd5 Qxd3+ 46. Ke6 Qf5+ 47. Ke7 Re2+ 48. Kd6 Qe6# 0-1

[Event "GER Cup Net V3 U1600"]
[Site "Playchess.com INT"]
[Date "2020.05.27"]
[Round "6"]
[White "Fischer, Juliane"]
[Black "Hellmich, Michael"]
[Result "1-0"]
[WhiteElo "1620"]
[BlackElo "1355"]
[PlyCount "81"]
[EventDate "2020.05.27"]
[EventType "swiss (blitz)"]
[EventRounds "9"]
[EventCountry "GER"]
[SourceTitle "EXT 2021"]
[Source "ChessBase"]
[SourceDate "2020.10.23"]
[SourceVersion "1"]
[SourceVersionDate "2020.10.23"]
[SourceQuality "1"]

1. e4 d5 2. exd5 Nf6 3. Nc3 Nxd5 4. Nxd5 Qxd5 5. d4 Nc6 6. Nf3 Bg4 7. c3 0-0-0 8. Be2 e5 9. dxe5 Bxf3 10. Bxf3 Qxd1+ 11. Bxd1 Nxe5 12. 0-0 Bc5 13. Bb3 Nd3 14. Rb1 Nxf2 15. Rxf2 Bxf2+ 16. Kxf2 Rhe8 17. Be3 f6 18. Rd1 Rxd1 19. Bxd1 Rd8 20. Bc2 b6 21. Bxh7 Rh8 22. Bf5+ Kd8 23. h3 Rh5 24. Bg4 Ra5 25. Be6 Ke7 26. Bb3 Rf5+ 27. Kg3 g5 28. Kg4 Re5 29. Kf3 c5 30. g4 Kd6 31. Bf2 Re7 32. Bg3+ Kc6 33. h4 b5 34. hxg5 fxg5 35. Bc2 Rd7 36. Be4+ Kb6 37. Ke2 Re7 38. Ke3 Rd7 39. Be5 Rd1 40. Bf6 Rb1 41. Bxb1 1-0

[Event "GER Cup Net V3 U1600"]
[Site "Playchess.com INT"]
[Date "2020.05.27"]
[Round "7"]
[White "Fischer, Juliane"]
[Black "Kauschanski, Nicolas"]
[Result "0-1"]
[WhiteElo "1620"]
[BlackElo "1388"]
[PlyCount "76"]
[EventDate "2020.05.27"]
[EventType "swiss (blitz)"]
[EventRounds "9"]
[EventCountry "GER"]
[SourceTitle "EXT 2021"]
[Source "ChessBase"]
[SourceDate "2020.10.23"]
[SourceVersion "1"]
[SourceVersionDate "2020.10.23"]
[SourceQuality "1"]

1. e4 e6 2. d4 d5 3. exd5 exd5 4. Bd3 Nf6 5. c3 c6 6. Nf3 Bd6 7. 0-0 0-0 8. Bg5 Nbd7 9. Nbd2 h6 10. Bh4 Nb6 11. Qc2 Be6 12. Rfe1 Nbd7 13. Ne5 Qc7 14. Ndf3 Rfe8 15. Bg3 Ng4 16. Nxg4 Bxg4 17. Be2 Bxf3 18. Bxf3 Rxe1+ 19. Rxe1 Nf6 20. Bxd6 Qxd6 21. Qe2 Qd7 22. Qe7 Re8 23. Qxe8+ Nxe8 24. h3 Qc7 25. Bg4 Nf6 26. Bd1 Qb6 27. Bb3 a5 28. Rb1 Qb5 29. Bc2 Qc4 30. Bb3 Qb5 31. Bc2 a4 32. b3 axb3 33. Rxb3 Qa6 34. Rb2 Ne8 35. Bf5 Nd6 36. Bg4 Qa3 37. Re2 Qxc3 38. Re1 Qxe1+ 0-1

[Event "GER Cup Net V3 U1600"]
[Site "Playchess.com INT"]
[Date "2020.05.27"]
[Round "5"]
[White "Ruddat, Mathias"]
[Black "Fischer, Juliane"]
[Result "1-0"]
[WhiteElo "1510"]
[BlackElo "1620"]
[PlyCount "53"]
[EventDate "2020.05.27"]
[EventType "swiss (blitz)"]
[EventRounds "9"]
[EventCountry "GER"]
[SourceTitle "EXT 2021"]
[Source "ChessBase"]
[SourceDate "2020.10.23"]
[SourceVersion "1"]
[SourceVersionDate "2020.10.23"]
[SourceQuality "1"]

1. e4 c5 2. Nc3 Nc6 3. f4 g6 4. Bc4 Bg7 5. Nf3 e6 6. 0-0 Nge7 7. d3 0-0 8. Qe1 d5 9. Bb3 a6 10. a4 d4 11. Ne2 Qc7 12. Qh4 e5 13. f5 Bd7 14. f6 Bh8 15. fxe7 Rfe8 16. Bg5 Be6 17. Bxe6 fxe6 18. Bf6 Bxf6 19. Qxf6 Rxe7 20. Ng5 Qd8 21. Nxe6 Nb4 22. Rac1 Qe8 23. Nxc5 Rf7 24. Qxf7+ Qxf7 25. Rxf7 Kxf7 26. Nxb7 Rc8 27. Nd6+ 1-0

[Event "Bad Soden U10 op 5th"]
[Site "Bad Soden"]
[Date "2018.10.03"]
[Round "9"]
[White "Fischer, Juliane"]
[Black "Weyerer, Noah"]
[Result "0-1"]
[WhiteElo "899"]
[BlackElo "1318"]
[PlyCount "114"]
[EventDate "2018.09.30"]
[EventType "swiss"]
[EventRounds "9"]
[EventCountry "GER"]
[SourceTitle "EXT 2020"]
[Source "ChessBase"]
[SourceDate "2019.10.17"]
[SourceVersion "1"]
[SourceVersionDate "2019.10.17"]
[SourceQuality "1"]

1. d4 d6 2. e4 Nf6 3. Nc3 e5 4. dxe5 dxe5 5. Qxd8+ Kxd8 6. Nf3 Bd6 7. Bc4 Be6 8. Bxe6 fxe6 9. Be3 Nbd7 10. 0-0 Ke7 11. Rfd1 Rhf8 12. Rd2 Nc5 13. Bxc5 Bxc5 14. Nxe5 Bd6 15. Nf3 Bb4 16. Rad1 Rad8 17. Rd4 Rxd4 18. Rxd4 c5 19. Rd3 Rc8 20. e5 Bxc3 21. Rxc3 Nd5 22. Rb3 b6 23. c4 Nf4 24. g3 Ng6 25. Rd3 Rd8 26. Rxd8 Kxd8 27. Ng5 Kd7 28. Nxh7 Nxe5 29. b3 Nd3 30. Nf8+ Kd6 31. Ng6 Nc1 32. Nf4 Nxa2 33. h4 Ke7 34. Ng6+ Kf6 35. Nf8 Nc1 36. Nd7+ Kf5 37. Nb8 Nxb3 38. Nc6 a5 39. Na7 Nd2 40. Nb5 Nxc4 41. Kf1 Ke5 42. f4+ Ke4 43. Ke2 a4 44. Nc3+ Kd4 45. Nxa4 b5 46. Kd1 bxa4 47. Ke2 a3 48. Kf3 a2 49. Kg4 a1Q 50. Kg5 Ke4 51. h5 Qf6+ 52. Kg4 Ne3+ 53. Kh3 Qh6 54. g4 g6 55. Kg3 Qxf4+ 56. Kh3 Qxg4+ 57. Kh2 Qg2# 0-1